000 00710cam a22002413a 4500
001 28178
003 PGUSA
005 20140828083616.0
008 090224s2009||||xxu|||||s|||||000 | eng d
040 _aPGUSA
_beng
042 _adc
050 4 _aV
100 1 _aNaval War College
_q(U.S.)
245 1 0 _aSound Military Decision
_h[electronic resource] /
_cNaval War College
260 _bProject Gutenberg,
_c2009
506 _aPublic domain in the USA.
516 _aElectronic text
653 _aNaval strategy -- Decision making
700 1 _aKalbfus, Edward C.
_q(Edward Clifford),
_d1877-1954
830 0 _aProject Gutenberg
_v28178
856 4 0 _uhttp://www.gutenberg.org/ebooks/28178
942 _cEB
999 _c257433
_d257433